00379nam a2200157Ia 4500008004100000020001500041041001200056082001100068100001700079245005600096250000800152260002500160300000800185650001400193700001400207221030s9999 xx 000 0 und d a0070605025 aEnglish a105.23 aS. Lipschutz 0aSchaum`s Linear Algebracby S. Lipschutz, M. Lipson a3rd bTMHaNew Delhic2009 a424 aComputers aM. Lipson